|
|
|
|
| LEADER |
00000nam a2200000 a 4500 |
| 001 |
vtls001414547 |
| 003 |
SK-MaSNL |
| 005 |
20260302001510.0 |
| 008 |
240314s2000 xo aa r y slo |
| 015 |
|
|
|a SNBA2001/09-03243
|
| 020 |
|
|
|a 8080600406
|
| 035 |
|
|
|a SNK000369272
|
| 035 |
|
|
|a urn:nbn:sk:snk-amk4bd
|
| 035 |
|
|
|a urn:nbn:sk:snk-am0057g4
|
| 035 |
|
|
|a E3DF42A0-6E2B-415D-8EE6-2BF13CE0ED03
|
| 040 |
|
|
|a SNK
|b slo
|c SNK
|e AACR2
|
| 041 |
0 |
|
|a slo
|
| 044 |
|
|
|a xo
|c SK
|
| 080 |
|
|
|a 323.12(=924)(437.6)"1989/1999"
|2 1981
|
| 100 |
1 |
|
|a Mešťan, Pavol,
|d 1946-2022
|4 aut
|9 103980
|
| 245 |
1 |
0 |
|a Antisemitizmus v politickom vývoji Slovenska (1989-1999)
|c Pavol Mešťan
|
| 250 |
|
|
|a 2. rozš. vyd.
|
| 260 |
|
|
|a Bratislava
|b Slovenské národné múzeum - Múzeum židovskej kultúry
|a Tel Aviv
|b University
|c 2000
|
| 300 |
|
|
|a 271 s.
|b fotogr.
|c 21 cm
|
| 500 |
|
|
|a Rozlož. tit. strana
|
| 500 |
|
|
|a Fotogr. Viera Kamenická, Tomáš Stern
|
| 504 |
|
|
|a Bibliogr. s. 199-238. Men. reg.
|
| 650 |
0 |
7 |
|a antisemitizmus
|z Slovensko
|y 1989-1999
|2 SNK
|9 637512
|
| 655 |
|
7 |
|a príručky
|2 SNK
|9 74364
|
| 700 |
1 |
|
|a Kamenická, Viera,
|d 1949-
|4 fot
|9 188376
|
| 700 |
1 |
|
|a Stern, Tomáš
|4 fot
|9 12755
|
| 919 |
|
|
|a 80-8060-040-6
|
| 958 |
|
|
|a TL
|
| 958 |
|
|
|a NB
|
| 958 |
|
|
|a OND
|
| 999 |
|
|
|c 984113
|d 986043
|
| 952 |
|
|
|t P60, <03>, [BOOK], {603}
|a SNK
|b SNK
|y PREZ
|7 0
|p 17A0303427
|o snkSC 105088
|i snkKSP 7056/2001
|0 0
|1 0
|4 0
|d 2001-06-07
|f 1
|l 0
|r 2025-09-25 00:00:00
|w 2026-02-24
|
| 952 |
|
|
|t P60, <04>, [BOOK], {604}
|a SNK
|b SNK
|y VYP
|7 0
|p 17A0303428
|o snkSC 105088 D1
|i snkKSP 7057/2001
|0 0
|1 0
|4 0
|d 2001-06-07
|l 0
|r 2005-01-02 00:00:00
|w 2026-02-24
|
| 952 |
|
|
|t snkMES 323.12(=924)(437.6)
|a SNKUST
|b SNKUST
|y PREZ
|7 0
|p 17A0460384
|o snkSC 105088 D2
|i snk2005/4002
|8 1
|0 0
|1 0
|4 0
|d 2005-03-15
|l 0
|r 2025-05-28 00:00:00
|w 2026-02-24
|